000
00334cam a2200145ua 4500
041
_a
eng
_h
082
_a
891.54
_b
MAE/BA
100
_a
Mactheddi, sharaon .
245
0
0
_a
banke-sanshar /
_c
Mactheddi,sharon,Gupt.
_h
Textual Documents
300
_a
40 ; .
504
_a
700
1
_a
Gupt, .
942
_c
BK
999
_c
11795
_d
11795